| 000 | 00632nam a2200217Ia 4500 | ||
|---|---|---|---|
| 005 | 20241129110050.0 | ||
| 008 | 241129s9999||||xx |||||||||||||| ||und|| | ||
| 020 | _a978-93-91520-32-8 | ||
| 037 | _aTB | ||
| 040 |
_aARTS _beng _cARTS |
||
| 041 |
_aeng _2eng |
||
| 084 |
_aR4,(Q4) R4 _qARTS |
||
| 100 |
_aSatpati N. K. Au. _9727077 |
||
| 245 | 0 |
_aBuddhistic teachings, laws and ethics _cSatpati N. K. Au. |
|
| 260 |
_aDelhi, India _bPrashant Publishing House _c2024 |
||
| 300 | _avi,248p. | ||
| 365 |
_aINR _b1295 |
||
| 650 |
_aPhilosophyEthicsBuddhism _9727078 |
||
| 942 |
_cTB _hR4,(Q4) R4 |
||
| 999 |
_c1227171 _d1227171 |
||